<?xml version="1.0" encoding="UTF-8"?>
<collection xmlns:xsi="http://www.w3.org/2001/XMLSchema-instance" xsi:schemaLocation="http://www.loc.gov/MARC21/slim http://www.loc.gov/standards/marcxml/schema/MARC21slim.xsd" xmlns="http://www.loc.gov/MARC21/slim">
 <record>
  <leader>00000nam a2200000 i 4500</leader>
  <controlfield tag="001">UP-8027390931311493060</controlfield>
  <controlfield tag="003">Buklod</controlfield>
  <controlfield tag="005">20250110164629.0</controlfield>
  <controlfield tag="006">m    |o  d |      </controlfield>
  <controlfield tag="007">ta</controlfield>
  <controlfield tag="008">250109s2024    ilu   a r   b 001 0 eng d</controlfield>
  <datafield tag="020" ind1=" " ind2=" ">
   <subfield code="a">9781718213432</subfield>
  </datafield>
  <datafield tag="035" ind1=" " ind2=" ">
   <subfield code="a">22961205</subfield>
  </datafield>
  <datafield tag="037" ind1=" " ind2=" ">
   <subfield code="a">CHK-6394</subfield>
   <subfield code="b">NSGB Books Trading</subfield>
   <subfield code="c">Php9995.00</subfield>
  </datafield>
  <datafield tag="040" ind1=" " ind2=" ">
   <subfield code="a">DLC</subfield>
   <subfield code="d">DCHK</subfield>
   <subfield code="e">rda</subfield>
  </datafield>
  <datafield tag="041" ind1=" " ind2=" ">
   <subfield code="a">eng</subfield>
  </datafield>
  <datafield tag="090" ind1=" " ind2=" ">
   <subfield code="a">GV 181.5</subfield>
   <subfield code="b">H87 2024</subfield>
  </datafield>
  <datafield tag="100" ind1="1" ind2=" ">
   <subfield code="a">Hurd, Amy R.</subfield>
   <subfield code="c">PhD</subfield>
   <subfield code="e">author</subfield>
   <subfield code="u">Illinois State University</subfield>
  </datafield>
  <datafield tag="245" ind1="1" ind2="0">
   <subfield code="a">Leisure services management</subfield>
   <subfield code="c">Amy R. Hurd, Robert J. Barcelona, Jo An M. Zimmermann.</subfield>
  </datafield>
  <datafield tag="250" ind1=" " ind2=" ">
   <subfield code="a">Third edition.</subfield>
  </datafield>
  <datafield tag="264" ind1=" " ind2="1">
   <subfield code="a">Champaign, IL</subfield>
   <subfield code="b">Human Kinetics</subfield>
   <subfield code="c">2024</subfield>
  </datafield>
  <datafield tag="300" ind1=" " ind2=" ">
   <subfield code="a">xi, 396 pages</subfield>
   <subfield code="b">illustrations</subfield>
   <subfield code="c">28 cm</subfield>
  </datafield>
  <datafield tag="336" ind1=" " ind2=" ">
   <subfield code="a">text</subfield>
   <subfield code="2">rdacontent</subfield>
  </datafield>
  <datafield tag="337" ind1=" " ind2=" ">
   <subfield code="a">unmediated</subfield>
   <subfield code="2">rdamedia</subfield>
  </datafield>
  <datafield tag="338" ind1=" " ind2=" ">
   <subfield code="a">volume</subfield>
   <subfield code="2">rdacarrier</subfield>
  </datafield>
  <datafield tag="504" ind1=" " ind2=" ">
   <subfield code="a">Includes bibliographical references and index</subfield>
  </datafield>
  <datafield tag="505" ind1="0" ind2=" ">
   <subfield code="a">1. competency-based management and leadership -- 2. The management process -- 3. Diversity, equity, and inclusion -- 4. Organizational structure -- 5. Coordination of resources, programs and services -- 6. Planning and decision making -- 7. Marketing and public relations -- 8. Communication and customers -- 9. Personnel procedures and practices -- 10. Staff retention and development -- 11. Sources and methods of financing -- 12. Budgets and financial cost analysis -- 13. Evaluation  </subfield>
  </datafield>
  <datafield tag="520" ind1=" " ind2=" ">
   <subfield code="a">Competency-driven text used in upper-undergraduate to graduate-level courses in leisure services management preparing students to be entry-level professionals in the field. Also used by professionals seeking the CPRP certification in recreation and leisure, it covers what leisure services professionals do and how they manage people, processes, and resources in a diverse and equitable society</subfield>
   <subfield code="c">Provided by publisher</subfield>
  </datafield>
  <datafield tag="650" ind1=" " ind2="0">
   <subfield code="a">Public relations.</subfield>
  </datafield>
  <datafield tag="650" ind1=" " ind2="0">
   <subfield code="a">Recreation</subfield>
   <subfield code="x">Management.</subfield>
  </datafield>
  <datafield tag="700" ind1="1" ind2=" ">
   <subfield code="a">Zimmermann, Jo An M.</subfield>
   <subfield code="c">PhD</subfield>
   <subfield code="e">author</subfield>
   <subfield code="u">Texas State University.</subfield>
  </datafield>
  <datafield tag="700" ind1="1" ind2=" ">
   <subfield code="a">Barcelona, Robert J.</subfield>
   <subfield code="c">PhD</subfield>
   <subfield code="d">1970-</subfield>
   <subfield code="e">author</subfield>
   <subfield code="u">Clemson University.</subfield>
  </datafield>
  <datafield tag="856" ind1="0" ind2="0">
   <subfield code="a">Includes accompanying online ancillary resource</subfield>
   <subfield code="u">https://hkpropel.humankinetics.com/login.htm?tenant=HKPropel</subfield>
   <subfield code="y">click here to access</subfield>
   <subfield code="z">Key code to access ancillary resource is available upon request to the CHK Library</subfield>
  </datafield>
  <datafield tag="905" ind1=" " ind2=" ">
   <subfield code="a">FO</subfield>
  </datafield>
  <datafield tag="852" ind1="0" ind2=" ">
   <subfield code="a">UPD</subfield>
   <subfield code="b">DCHK</subfield>
   <subfield code="h">GV 181.5</subfield>
   <subfield code="i">H87 2024</subfield>
  </datafield>
  <datafield tag="942" ind1=" " ind2=" ">
   <subfield code="a">Book</subfield>
  </datafield>
 </record>
</collection>
